<?xml version="1.0" encoding="UTF-8"?>
<record
    xmlns:xsi="http://www.w3.org/2001/XMLSchema-instance"
    xsi:schemaLocation="http://www.loc.gov/MARC21/slim http://www.loc.gov/standards/marcxml/schema/MARC21slim.xsd"
    xmlns="http://www.loc.gov/MARC21/slim">

  <leader>00857nam a22001577a 4500</leader>
  <controlfield tag="003">OSt</controlfield>
  <controlfield tag="005">20151006110636.0</controlfield>
  <controlfield tag="008">151006b        xxu||||| |||| 00| 0 eng d</controlfield>
  <datafield tag="040" ind1=" " ind2=" ">
    <subfield code="c">RUA</subfield>
  </datafield>
  <datafield tag="082" ind1=" " ind2=" ">
    <subfield code="a">AVM KHO 2005 B074 Or.1</subfield>
  </datafield>
  <datafield tag="100" ind1=" " ind2=" ">
    <subfield code="9">2136</subfield>
    <subfield code="a">KHOEURN, SOKHENG.</subfield>
  </datafield>
  <datafield tag="245" ind1=" " ind2=" ">
    <subfield code="a">epidemiological survey of the importance of cattle infectous disease within lutheran world federation target community oral district kampong speu province ( &#x1780;&#x17B6;&#x179A;&#x179F;&#x17B7;&#x1780;&#x17D2;&#x179F;&#x17B6;&#x1796;&#x17B8;&#x179F;&#x1797;&#x17B6;&#x1796;&#x179A;&#x17B6;&#x178F;&#x178F;&#x17D2;&#x1794;&#x17B6;&#x178F;&#x1793;&#x17C3;&#x1787;&#x1798;&#x17D2;&#x1784;&#x17BA;&#x1786;&#x17D2;&#x179B;&#x1784;&#x179F;&#x17C6;&#x1781;&#x17B6;&#x1793;&#x17CB;&#x17D7;&#x179B;&#x17BE;&#x1782;&#x17C4;&#x1793;&#x17C5;&#x1780;&#x17D2;&#x1793;&#x17BB;&#x17BB;&#x1784;&#x179F;&#x17A0;&#x1782;&#x1798;&#x1793;&#x17CD; &#x1794;&#x17D2;&#x179A;&#x178F;&#x17D2;&#x178F;&#x17B7;&#x1794;&#x178F;&#x17D2;&#x178F;&#x17B7;&#x1780;&#x17B6;&#x179A; &#x200B;lutheran world federation &#x179F;&#x17D2;&#x179A;&#x17BB;&#x1780;&#x17B1;&#x179A;&#x17C9;&#x17B6;&#x179B;&#x17CB; &#x1781;&#x17C1;&#x178F;&#x17D2;&#x178F;&#x1780;&#x17C6;&#x1796;&#x1784;&#x17CB;&#x179F;&#x17D2;&#x1796;&#x17BA; ) </subfield>
  </datafield>
  <datafield tag="260" ind1=" " ind2=" ">
    <subfield code="a">Phnom Penh</subfield>
    <subfield code="b">RUA</subfield>
    <subfield code="c">2003</subfield>
  </datafield>
  <datafield tag="300" ind1=" " ind2=" ">
    <subfield code="a">ix, 67p.</subfield>
    <subfield code="b">ill.</subfield>
    <subfield code="c">29cm.</subfield>
  </datafield>
  <datafield tag="942" ind1=" " ind2=" ">
    <subfield code="2">ddc</subfield>
    <subfield code="c">AVM</subfield>
  </datafield>
  <datafield tag="999" ind1=" " ind2=" ">
    <subfield code="c">2007</subfield>
    <subfield code="d">2007</subfield>
  </datafield>
  <datafield tag="952" ind1=" " ind2=" ">
    <subfield code="0">0</subfield>
    <subfield code="1">0</subfield>
    <subfield code="2">ddc</subfield>
    <subfield code="4">0</subfield>
    <subfield code="6">AVM_KHO_2005_000000000000000_B074_OR_1</subfield>
    <subfield code="7">0</subfield>
    <subfield code="9">8324</subfield>
    <subfield code="a">LBB</subfield>
    <subfield code="b">LBB</subfield>
    <subfield code="c">B074</subfield>
    <subfield code="d">2015-10-06</subfield>
    <subfield code="o">AVM KHO 2005 B074 Or.1</subfield>
    <subfield code="p">RUA015142</subfield>
    <subfield code="r">2015-10-06</subfield>
    <subfield code="w">2015-10-06</subfield>
    <subfield code="y">AVM</subfield>
  </datafield>
</record>
